| 000 | 00777nam a2200205Ia 4500 | ||
|---|---|---|---|
| 001 | 16602 | ||
| 003 | GE_BSU | ||
| 008 | 181216s||||||||xx |||||||||||||| ||und|| | ||
| 040 | _cGE_BSU | ||
| 080 | _a821.353.1-94 + 821.161.1(092ტოლსტოი,ლევ) + 821.353.1.092 | ||
| 100 | _aნაკაშიძე, ნინო | ||
| 245 | _aლევ ტოლსტოის ახლოს : მოგონება. | ||
| 245 | _cრემ.მ.ბაკურიძე. მხატვ.რ.ზედელაშვილი | ||
| 260 | _aთბილისი | ||
| 260 | _bსახელგამი | ||
| 260 | _c1954 | ||
| 300 | _a125გვ. ; 17სმ. | ||
| 653 | _aლევ ტოლსტოის ახლოს : მოგონება. | ||
| 942 | _cBK | ||
| 999 |
_c49669 _d49669 |
||